Proceedings EC-SIP-M 2005. 5th EURASIP Conference focused on Speech and Image Processing, Multimedia Communications and Services : Smolenice, Slovak Republic. 29 June - 2. July 2005 /

Salvato in:
Dettagli Bibliografici
Altri autori: Podhradský, Pavol, 1943- (Compilatore), Rozinaj, Gregor, 1957- (Compilatore), Čepko, Jozef, 1979- (Compilatore), Turi Nagy, Martin, 1980- (Compilatore), Karlubíková, Tatiana (Compilatore)
Natura: Libro
Lingua:inglese
Pubblicazione: Bratislava : STU v Bratislave FEI, 2005
Soggetti:
Tags: Aggiungi Tag
Nessun Tag, puoi essere il primo ad aggiungerne!!

MARC

LEADER 00000nam a22000003a 4500
001 stu95504
005 20230418073744.4
008 050907s2005----xo------------------eng-d
020 |a 80-227-2257-X 
040 |a STU  |b slo 
041 0 |a eng 
044 |a xo 
080 |a 681.322 
080 |a 577.352.5 
080 |a 519.72 
100 1 |a Podhradský, Pavol,  |d 1943-  |4 com  |u E240  |U FEI Fakulta elektrotechniky a informatiky  |T FEI Katedra telekomunikácií  |X 2148  |U E240  |Y 72  |7 A000002148 
245 1 |a Proceedings EC-SIP-M 2005. 5th EURASIP Conference focused on Speech and Image Processing, Multimedia Communications and Services :  |b Smolenice, Slovak Republic. 29 June - 2. July 2005 /  |c Ed.: Podhradský, Pavol a i. 
260 |a Bratislava :  |b STU v Bratislave FEI,  |c 2005 
300 |a 418 s  |c príl. 
650 7 |a Telekomunikácie  |2 stusub 
650 7 |a reč  |2 stusub 
650 7 |a akustické signály  |2 stusub 
650 7 |a audiosignály  |2 stusub 
650 7 |a zvukové signály  |2 stusub 
700 1 |a Rozinaj, Gregor,  |d 1957-  |4 com  |u E070  |U FEI Fakulta elektrotechniky a informatiky  |T FEI Ústav telekomunikácií  |X 1945  |U E070  |Y 818  |7 A000001945 
700 1 |a Čepko, Jozef,  |d 1979-  |4 com  |u E240  |U FEI Fakulta elektrotechniky a informatiky  |T FEI Katedra telekomunikácií  |X 3862  |U E240  |Y 72  |7 A000003862 
700 1 |a Turi Nagy, Martin,  |d 1980-  |4 com  |u E070  |U FEI Fakulta elektrotechniky a informatiky  |T FEI Ústav telekomunikácií  |X 10187  |U E070  |Y 818  |7 A000010187 
700 1 |a Karlubíková, Tatiana  |4 com 
996 |b 284EZ00357  |c E*Z-912  |l EE0102  |s P  |a 0  |w stu95504_0001